|
|
|
|
| LEADER |
01106nam a2200277 a 4500 |
| 001 |
146523 |
| 008 |
101227s2007 maua b 001 0 eng d |
| 999 |
|
|
|c 10242
|d 10242
|
| 020 |
|
|
|a 1905814046
|
| 020 |
|
|
|a 9781905814046
|
| 020 |
|
|
|a 0240809343 (pbk.)
|
| 020 |
|
|
|a 9780240809342 (pbk.)
|
| 040 |
|
|
|a IMD
|c IMD
|d BTCTA
|d YDXCP
|d BAKER
|d HKP
|d WTV
|d BD-DhAAL
|
| 082 |
0 |
0 |
|a 775
|2 22
|
| 100 |
1 |
|
|a Freeman, Michael,
|d 1945-
|9 32388
|
| 245 |
1 |
4 |
|a The photographers eye :
|b composition and design for better digital photos /
|c Michael Freeman.
|
| 246 |
3 |
0 |
|a Composition and design for better digital photos
|
| 260 |
|
|
|a Boston :
|b Focal Press,
|c c2007.
|
| 300 |
|
|
|a 192 p. :
|b col. ill. ;
|c 26 cm.
|
| 504 |
|
|
|a Includes bibliographical references (p. 192) and index.
|
| 526 |
|
|
|a ARC
|
| 541 |
1 |
|
|e 00021632
|
| 650 |
|
0 |
|a Photography
|x Digital techniques.
|9 32389
|
| 852 |
4 |
|
|a Ayesha Abed Library
|c General Shelf.
|
| 942 |
|
|
|2 ddc
|c BK
|
| 952 |
|
|
|0 0
|1 0
|2 ddc
|4 0
|6 775_FRE
|7 0
|9 13689
|a BRACUL
|b BRACUL
|c GEN
|d 2010-12-29
|e Zeenat Book Supply Ltd.
|g 2333.00
|l 31
|m 269
|o 775 FRE
|p 3010021632
|r 2026-05-20
|s 2026-04-08
|t 1
|w 2010-12-29
|y BK
|